000 00364nam a2200133Ia 4500
008 220217s9999||||xx |||||||||||||| ||und||
020 _a9788131203071
082 _a519 ROS
100 _aRoss, Sheldon, M
245 0 _aProbability models for comunputer science
260 _aElsevier
_bSan Diego
_c2012
300 _aXII, 288p.
_b350
650 _aMATHEMATICS
999 _c183665
_d183665